[Event "SVK-chT2W 0102"]
[Site "Slovakia"]
[Date "2002.03.16"]
[Round "10.6"]
[White "Vychodil, Michal"]
[Black "Raczko, Peter"]
[Result "0-1"]
[WhiteElo "2078"]
[BlackElo "1954"]
[PlyCount "68"]
[EventDate "2001.10.??"]
[EventType "team-tourn"]
[EventRounds "11"]
[EventCountry "SVK"]
[SourceTitle "EXT 2006"]
[Source "ChessBase"]
[SourceDate "2005.11.24"]
[SourceVersion "1"]
[SourceVersionDate "2005.11.24"]
[SourceQuality "1"]

1. e4 d6 2. d4 Nf6 3. Nc3 g6 4. f4 Bg7 5. Nf3 c5 6. Bb5+ Bd7 7. e5 Ng4 8. Bxd7+ Qxd7 9. h3 cxd4 10. Nxd4 dxe5 11. Ndb5 Qc6 12. Qxg4 a6 13. Na3 exf4 14. Ne2 e5 15. 0-0 0-0 16. c3 Nd7 17. Qf3 Qc7 18. b3 g5 19. Bb2 b5 20. Qg4 h6 21. Rfd1 f5 22. Qf3 e4 23. Qf1 Nc5 24. Nd4 Rae8 25. Nac2 g4 26. Ba3 f3 27. Bxc5 Qxc5 28. Ne3 fxg2 29. Qxg2 gxh3 30. Qxh3 f4 31. Nef5 Rxf5 32. Qxf5 Bxd4+ 33. cxd4 Qxf5 34. d5 Rd8 0-1

[Event "SVK-chT2W 0102"]
[Site "Slovakia"]
[Date "2001.12.16"]
[Round "6.6"]
[White "Janos, Martin"]
[Black "Vychodil, Michal"]
[Result "1-0"]
[WhiteElo "2163"]
[BlackElo "2125"]
[PlyCount "54"]
[EventDate "2001.10.??"]
[EventType "team-tourn"]
[EventRounds "11"]
[EventCountry "SVK"]
[SourceTitle "EXT 2006"]
[Source "ChessBase"]
[SourceDate "2005.11.24"]
[SourceVersion "1"]
[SourceVersionDate "2005.11.24"]
[SourceQuality "1"]

1. e4 c5 2. Nf3 Nc6 3. c4 e5 4. Nc3 d6 5. h3 g6 6. d3 Bg7 7. Nd5 Be6 8. Be2 Nge7 9. Bg5 Bxd5 10. cxd5 Nd4 11. Nxd4 cxd4 12. Qd2 h6 13. Bh4 g5 14. Bg3 f5 15. Bh5+ Kf8 16. h4 f4 17. Bh2 gxh4 18. g3 fxg3 19. fxg3 Ng8 20. 0-0+ Nf6 21. Qf2 Qd7 22. gxh4 Ke7 23. Kh1 Raf8 24. Bg6 Ng4 25. Qf7+ Rxf7 26. Rxf7+ Kd8 27. Rxd7+ Kxd7 1-0

[Event "SVK-chT2W 0102"]
[Site "Slovakia"]
[Date "2001.11.18"]
[Round "4.7"]
[White "Stepanovic, Branislav"]
[Black "Vychodil, Michal"]
[Result "1-0"]
[WhiteElo "2048"]
[BlackElo "2125"]
[PlyCount "55"]
[EventDate "2001.10.??"]
[EventType "team-tourn"]
[EventRounds "11"]
[EventCountry "SVK"]
[SourceTitle "EXT 2006"]
[Source "ChessBase"]
[SourceDate "2005.11.24"]
[SourceVersion "1"]
[SourceVersionDate "2005.11.24"]
[SourceQuality "1"]

1. e4 c5 2. Nf3 Nc6 3. d4 cxd4 4. Nxd4 Nf6 5. Nc3 e5 6. Ndb5 d6 7. Bg5 a6 8. Na3 b5 9. Nd5 Be7 10. Bxf6 Bxf6 11. c3 0-0 12. Nc2 Bg5 13. a4 bxa4 14. Rxa4 a5 15. Bc4 Kh8 16. 0-0 f5 17. exf5 Bxf5 18. Nce3 Bd7 19. Ra2 Bf4 20. b3 Qg5 21. Nb6 Bh3 22. Nxa8 Rf6 23. Kh1 Bxg2+ 24. Nxg2 Rh6 25. Nxf4 exf4 26. f3 Ne5 27. Qd5 Qd8 28. Nc7 1-0